MAASAI MARA UNIVERSITY

LIBRARY CATALOGUE

Contact Us: +254 020 2685356/7 or 0774 057787

Box: 861-20500, NAROK, KENYA

Email: info@mmarau.ac.ke

The business case for corporate social responsibility : (Record no. 20132)

MARC details
000 -LEADER
fixed length control field 00955nam a22002657a 4500
003 - CONTROL NUMBER IDENTIFIER
control field OSt
005 - DATE AND TIME OF LATEST TRANSACTION
control field 20210127085904.0
008 - FIXED-LENGTH DATA ELEMENTS--GENERAL INFORMATION
fixed length control field 161205b xxu||||| |||| 00| 0 eng d
010 ## - LIBRARY OF CONGRESS CONTROL NUMBER
LC control number 2008940118
015 ## - NATIONAL BIBLIOGRAPHY NUMBER
National bibliography number GBA8B9725
Source bnb
016 7# - NATIONAL BIBLIOGRAPHIC AGENCY CONTROL NUMBER
Record control number 014778309
Source Uk
020 ## - INTERNATIONAL STANDARD BOOK NUMBER
International Standard Book Number 9783790821178 (hbk.)
020 ## - INTERNATIONAL STANDARD BOOK NUMBER
International Standard Book Number 3790821179 (hbk.)
020 ## - INTERNATIONAL STANDARD BOOK NUMBER
International Standard Book Number 3790821187 (ebk.)
020 ## - INTERNATIONAL STANDARD BOOK NUMBER
International Standard Book Number 9783790821185 (ebk.)
040 ## - CATALOGING SOURCE
Original cataloging agency MMU
Transcribing agency MMU
Modifying agency MMU
Language of cataloging eng
050 00 - LIBRARY OF CONGRESS CALL NUMBER
Classification number HD60
Item number .S375 2009
100 1# - MAIN ENTRY--PERSONAL NAME
Personal name Schreck, Philipp.
245 14 - TITLE STATEMENT
Title The business case for corporate social responsibility :
Remainder of title understanding and measuring economic impacts of corporate social responsibility /
Statement of responsibility, etc. Philipp Schreck.
260 ## - PUBLICATION, DISTRIBUTION, ETC. (IMPRINT)
Place of publication, distribution, etc. Heidelberg :
Name of publisher, distributor, etc. Physica-Verlag ;
Place of publication, distribution, etc. London :
Name of publisher, distributor, etc. Springer [distributor],
Date of publication, distribution, etc. c2009.
300 ## - PHYSICAL DESCRIPTION
Extent xiii, 124 p. :
Other physical details ill. ;
Dimensions 24 cm.
500 ## - GENERAL NOTE
General note Includes bibliographical references (p. 105-121) and index.
650 #0 - SUBJECT ADDED ENTRY--TOPICAL TERM
Topical term or geographic name as entry element Social responsibility of business.
942 ## - ADDED ENTRY ELEMENTS (KOHA)
Source of classification or shelving scheme Library of Congress Classification
Koha item type L
Holdings
Withdrawn status Lost status Source of classification or shelving scheme Damaged status Not for loan Home library Current library Date acquired Source of acquisition Total Checkouts Full call number Barcode Date last seen Date last checked out Price effective from Koha item type
    Library of Congress Classification     Maasai Mara University Library -Main Campus Maasai Mara University Library -Main Campus 12/05/2016 Donation -T4C 1 HD60 .S375 2009 16018623 04/20/2019 04/06/2019 12/05/2016 L
© 2016 Maasai Mara University.